MDQL
is popping MORE tags! Check the
thread
!
Quizzes
Events
Quiz Creation
Community
Videos
Private Events
Remove Ads
Sign In
Join for FREE
Feedback
Dark Mode
Quiz Categories
Sports
Geography
Music
Movies
Television
Just For Fun
Miscellaneous
History
Literature
Language
Science
Gaming
Entertainment
Religion
Holiday
For Kids
Quiz Lab
Recent
Popular Today
Quiz Kudos Today
Editor Picks
Curator Picks
Quizzes by...
Day
Popularity
Type
Ratings
Length
Year
Community
Subscriptions
Recent Discussions
Orange Saloon
Badges
Playlists
Quests
Create
Leaderboards
Showdown
Live 5
Trivia Bingo
Activity
Puzzle Library
Sporcle Events
Private Events
Virtual Trivia
Globe League
Become a Host
Pub Owners
SporcleCon
Opinionation
Our Games
Videos
Blog
Mobile Apps
Partnerships
Remove Ads and Go Orange
Feedback
Sports
Athletes
MLB
NBA
NHL
NFL
Soccer
Sports Teams
WWE
NCAA
Football
Premier League
Basketball
Baseball
Hockey
Golf
Tennis
Cricket
Rugby
Auto Racing
Olympics
World Cup
Sports
Athletes
MLB
NBA
NHL
NFL
Soccer
Sports Teams
WWE
NCAA
Football
Premier League
Basketball
Baseball
Hockey
Golf
Tennis
Cricket
Rugby
Auto Racing
Olympics
World Cup
Random Quiz
Search Sporcle
×
Quiz Lab
Quiz Lab
Sports
Football
Type in answers that appear in a list
Type in answers that appear in a list
Classic
Best Score? Go Orange.
PL Clubs' Most Appearances - C Stats
Can you name the players with surnames starting with C that have made the most PL appearances for each club?
By
srichards_333
15m
44 Questions
961 Plays
961 Plays
961 Plays
Comments
Comments
Give Quiz Kudos
Give Quiz Kudos
-
- Ratings
hide this ad
More Info
Replay
Link that replays current quiz
Next Quiz
Link to next quiz in quiz playlist
You Got
0%
They Got
Avg Score
34%
Avg Friend Score
Upgrade to see
Score Distribution
Jump to the score distribution portion of the page
Score
0/44
Timer
15:00
0
Plays Today
Club
Answer
% Correct
Liverpool
Jamie Carragher
89%
Manchester United
Michael Carrick
86%
Blackburn Rovers
Andy Cole
85.7%
West Ham
Carlton Cole
85.7%
Chelsea
Petr Cech
72.5%
Stoke
Peter Crouch
68.1%
Blackpool
DJ Campbell/Stephen Crainey
66.3%
Portsmouth
Sol Campbell
66.2%
Tottenham
Sol Campbell
66.2%
Sunderland
Lee Cattermole
53.7%
Everton
Tim Cahill
48%
Bournemouth
Steve Cook
47.8%
Aston Villa
Ciaran Clark
43.8%
Fulham
Lee Clark
43.8%
Bradford City
Matt Clarke
38.2%
Arsenal
Gael Clichy
37.3%
Crystal Palace
Chris Coleman
34.4%
Sheffield United
Alan Cork
34.1%
Swansea City
Jack Cork
34.1%
Middlesbrough
Colin Cooper
33%
Watford
Etienne Capoue
31.4%
Charlton Athletic
Scott Carson
29.2%
Club
Answer
% Correct
Newcastle United
Fabricio Coloccini
27.5%
Bolton
Ivan Campo
24.1%
Derby
Malcolm Christie
22.2%
Cardiff
Stephen Caulker
22%
QPR
Stephen Caulker
22%
Southampton
Simon Charlton
21.5%
Wigan Athletic
Gary Caldwell
20.9%
Hull City
James Chester
19.5%
Birmingham City
Kenny Cunningham
18.8%
Wimbledon
Kenny Cunningham
18.8%
Sheffield Wednesday
Benito Carbone
18.7%
Leicester City
Tony Cottee
18%
Leeds United
Lee Chapman
17.6%
Nottingham Forest
Steve Chettle
13.8%
Manchester City
Keith Curle
11%
Wolverhampton Wanderers
Jody Craddock
9.2%
Norwich City
Ian Crook
8.9%
Ipswich Town
Jamie Clapham
8.6%
Burnley
Clarke Carlisle
8%
West Brom
Neil Clement
6.3%
Coventry City
Youssef Chippo
3.4%
Reading
Bobby Convey
2%
Quiz Playlist
Details
Report
Send in Message
Add To Playlist
More Info:
Correct as of 21st Jan 2017. * Indicates player still at club. Barnsley, Oldham & Swindon have never had a player beginning with C play for them!
Classic:
Type in answers that appear in a list
Last Updated: May 22, 2017
Quiz Scoreboard
CHALLENGE
Sign Up to Join the Scoreboard
Show All
Scores
Hide
Comments
May contain spoilers
Recently Published
Find the 'City' Movie
by crazypaving
Movies
60s
5x2 Blitz: Bands
by SL_Kpop136
Music
30s
Colored Red Africa Blitz
by spor1
Geography
30s
More to Explore
Quiz From the Vault
Featured Blog Post
14 Easter Pick-up Lines to Find Eggs With
hide this ad
You Might Also Like...
Tags
Football Quiz
Premier League Quiz
Soccer Quiz
appearance
club
English Soccer
Football Clubs
Player
Premier Teams
Starting
Surname
Today's Top Quizzes in Sports
Browse Sports
hide this ad
Today's Top Quizzes in Football
Browse Football
Top Contributed Quizzes in Sports
1
Les entraîneurs de l'OM et du PSG au 21e siècle
2
Les meilleurs buteurs des matchs entre le PSG et l’OM
3
Les joueurs passés par le PSG et l'OM
4
Players with Multiple 50 Home Run Seasons
5
2022 World Cup Stars
6
Criteria MLB: Left Handed Sluggers
7
NBA Logic Puzzle 2.0
8
MLB Players with Two .350 Batting Average Seasons
9
Top 10 NHL Goal Scorers of All Time
10
Les joueurs passés par le LOSC et le RC Lens
Explore More
Trending Topics
Crossword
Kpop
NBA
Anime
Harry Potter
Marvel
Disney
Puzzle
Soccer
WWE
Pokémon
The Office
Song
Country
NFL
hide this ad
More By:
srichards_333
Quiz
Plays
Rating
Category
Featured
Created
PL Clubs' Most Appearances - D
7,909
3.90
Sports
Feb 15, 2017
PL Clubs' Most Appearances - A
1,760
5.00
Sports
Jan 23, 2017
PL Clubs' Most Appearances - B
1,060
5.00
Sports
Feb 2, 2017
PL Clubs' Most Appearances - C
961
5.00
Sports
Feb 2, 2017
PL Clubs' Most Appearances - F
958
5.00
Sports
Apr 28, 2017
Go to Creator's Profile
Score Distribution
Quiz Creator Spotlight
srichards_333
Follow
Send a Message
Quizzes Created
-
Created Quiz Play Count
-
More By This Creator
Popular Quizzes Today
1
Colored Red Africa Blitz
2
Find the 'City' Movie
3
Find the US States - No Outlines Minefield
4
5x2 Blitz: Bands
5
The Countries of the World
6
Find the US States
7
Find the Countries of Europe - No Outlines Minefield
8
US States
More Sports Quizzes
The Charlie Austin Quiz
Quiz Lab
Trending Quizzes
Colored Red Europe Blitz I
Colored Red Africa Blitz II
Colored Red Europe Blitz II
Colored Red Europe Blitz III
Colored Red Africa Blitz III
Recently Updated
How Do You Spell That?
pecheneg
Godzilla Movies
pecheneg
Grab Bag: 4-10 Letters
pecheneg
2024 March Madness Bracket
pecheneg
Famous TV Couples
Peacemaker
Champions League XIs: Real Madrid
pecheneg
Largest US Cities 1790-2010
pecheneg
Rides in Walt Disney World
pecheneg
Most Oscar Losses (Acting)
pecheneg
Beyoncé Albums
pecheneg
Trending Topics
Disney
Marvel
Crossword
Kpop
Anime
NBA
Harry Potter
The Office
Soccer
Puzzle
WWE
NFL
Song
Pokémon
Country
Your Account Isn't Verified!
In order to create a playlist on Sporcle, you need to verify the email address you used during registration. Go to your
Sporcle Settings
to finish the process.
Report this User
Report this user for behavior that violates our
Community Guidelines
.
Details:
Send Report
Go to the Sporcle.com Mobile Site →
Comments